| 000 | 01292nam a22003857a 4500 | ||
|---|---|---|---|
| 001 | 000050024 | ||
| 003 | CHAP | ||
| 005 | 20220329140231.0 | ||
| 008 | 971013s1972 r 00010 d | ||
| 010 | _a48961 | ||
| 011 | _a49933 | ||
| 035 | _a54083 | ||
| 040 | _cCHAP | ||
| 090 | _aFolleto 651 | ||
| 100 | 0 | 0 |
_aRivera Caruso, María. _997616 |
| 245 | 1 | 0 | _aGlosario de las principales enfermedades de los animales domésticos. |
| 260 |
_aChapingo, Méx. : _bDirección General de Extensión Agrícola, _c(1972). |
||
| 300 | _a32 p. | ||
| 490 | 1 |
_aManual para extensionistas _v; 4 |
|
| 590 |
_aBATCH-UPD _b10 _c20130110 _lUCH01 _h0104 |
||
| 590 |
_aBATCH-UPD _b10 _c20130110 _lUCH01 _h0712 |
||
| 590 |
_aBATCH-UPD _b10 _c20130409 _lUCH01 _h2054 |
||
| 590 |
_aBATCH-UPD _b10 _c20130914 _lUCH01 _h1505 |
||
| 590 |
_aCONVERSION _b10 _c20130109 _lUCH01 _h1327 |
||
| 590 |
_aE6096MTM _b05 _c20150429 _lUCH01 _h1237 |
||
| 590 |
_aE6096MTM _b05 _c20150429 _lUCH01 _h1311 |
||
| 590 |
_aE6096MTM _b05 _c20150430 _lUCH01 _h0848 |
||
| 650 | 1 | 4 |
_aGanado _xEnfermedades. _944909 |
| 830 | 4 |
_aManual para extensionistas _v; 4 _970638 |
|
| 901 | _aBK | ||
| 942 | _cFOLL | ||
| 942 | _n0 | ||
| 949 |
_aFolleto 4814 _bBC _cFOLL _d-119541 _eTS1 _i54083 _si |
||
| 949 |
_aFolleto 4814 _bBC _cFOLL _d-119542 _eTS2 _fc.2 _i54083 _si |
||
| 999 |
_c48961 _d48961 |
||